Loading...
| History - European | 0 | 9 | 0 | 0 | 90 | 39 | 75.44 | 5 | 8 | 0.00 | 0.00 |
| History - World | 0 | 6 | 0 | 0 | 60 | 11 | 77.67 | 2 | 6 | 0.00 | 0.00 |
| Philosophy | 0 | 5 | 0 | 0 | 50 | 99 | 117.00 | 0 | 5 | 0.00 | 0.00 |
| History - Other | 0 | 5 | 0 | 1 | 50 | 79 | 96.40 | 2 | 3 | 0.00 | 0.00 |
| Science - Biology | 0 | 4 | 1 | 1 | 35 | 55 | 92.00 | 0 | 3 | 0.00 | 0.00 |
| Social Science | 0 | 3 | 0 | 0 | 30 | 63 | 68.00 | 1 | 3 | 0.00 | 0.00 |
| Fine Arts - Painting and Sculpture | 0 | 3 | 0 | 0 | 30 | 101 | 122.33 | 0 | 2 | 0.00 | 0.00 |
| Literature - British | 0 | 3 | 0 | 0 | 30 | 92 | 124.67 | 1 | 2 | 0.00 | 0.00 |
| History - American | 0 | 3 | 1 | 1 | 25 | 64 | 94.00 | 1 | 3 | 0.00 | 0.00 |
| Other Academic | 0 | 2 | 0 | 0 | 20 | 110 | 110.50 | 1 | 2 | 0.00 | 0.00 |
| Literature - European | 0 | 2 | 1 | 1 | 15 | 60 | 101.00 | 0 | 2 | 0.00 | 0.00 |
| Religion | 0 | 2 | 2 | 1 | 10 | 69 | 101.50 | 1 | 1 | 0.00 | 0.00 |
| Geography | 0 | 1 | 0 | 0 | 10 | 58 | 58.00 | 1 | 1 | 0.00 | 0.00 |
| Fine Arts - Other | 0 | 1 | 0 | 0 | 10 | 126 | 126.00 | 0 | 0 | 0.00 | 0.00 |
| Mythology | 0 | 1 | 0 | 1 | 10 | 127 | 127.00 | 0 | 0 | 0.00 | 0.00 |
| Literature - American | 0 | 1 | 0 | 0 | 10 | 123 | 123.00 | 0 | 1 | 0.00 | 0.00 |
| Science - Chemistry | 0 | 1 | 0 | 1 | 10 | 119 | 119.00 | 0 | 1 | 0.00 | 0.00 |
| Literature - World | 0 | 0 | 1 | 0 | -5 | 0.00 | 0 | 0 | 0.00 | 0.00 |